000 00751nam a2200217Ia 4500
003 GCL
008 140319s9999 xx 000 0 ara d
040 _aGCL /
_cGCL
082 0 4 _a576.15
_bع م
100 1 _aعبدالوهاب محمد عبدالحافظ
245 1 0 _aالميكروبيولوجيا التطبيقية /
_cعبدالوهاب محمد عبدالحافظ
700 1 _aمحمد الصاوى محمد
700 1 _aسعد على زكى محمود
300 _a433 ص
490 _aالهيئة العامة للاستعلامات
_v0
650 0 4 _aالاحياء الدقيقة
650 0 4 _aالامراض، علم
650 0 4 _aالميكروبيولوجيا
650 0 4 _aالميكروبات، علم
942 _2ddc
_cBK
999 _c48206
_d48206